Miasta na Białorusi - Nagła Śmierć - Statystyki

Ogólne statystyki
  • Ten quiz został rozwiązany 157 razy
    25 od ostatniego zresetowania
  • Średni wynik to 10 z 18
Answers on the Grid
Answers color-coded by a green-red scale on the quiz's grid according to % correct below.
Angarsk
Baranowicze
Bielce
Bobrujsk
Borysów
Brześć
Czelabińsk
Czernihów
Donieck
Dyneburg
Grodno
Homel
Jurmała
Komrat
Lida
Łuck
Mariampol
Mariupol
Mińsk
Mohylew
Mołodeczno
Mozyrz
Nowopołock
Orsza
Pińsk
Połock
Soligorsk
Sumy
Symferopol
Szawle
Tyraspol
Witebsk
Żłobin
 
Statystyki odpowiedzi
Odpowiedź % Poprawnych
Brześć
91%
Grodno
82%
Mińsk
82%
Mohylew
77%
Borysów
73%
Homel
68%
Witebsk
68%
Baranowicze
64%
Lida
55%
Mołodeczno
55%
Bobrujsk
50%
Soligorsk
45%
Mozyrz
41%
Pińsk
36%
Połock
36%
Nowopołock
32%
Orsza
32%
Żłobin
27%
Nie znaleziono quizów pasujących do podanych kryteriów
Rozkład punktacji
Procent ludzi z każdym wynikiem
Percentyl według liczby udzielonych odpowiedzi
Twoja historia wyników
Nie rozwiązałeś tego quizu od ostatniego zresetowania